<?xml version="1.0" encoding="UTF-8"?>
<record
    xmlns:xsi="http://www.w3.org/2001/XMLSchema-instance"
    xsi:schemaLocation="http://www.loc.gov/MARC21/slim http://www.loc.gov/standards/marcxml/schema/MARC21slim.xsd"
    xmlns="http://www.loc.gov/MARC21/slim">

  <leader>01136nam a22002535i 4500</leader>
  <controlfield tag="001">164967</controlfield>
  <controlfield tag="003">ES-MaACL</controlfield>
  <controlfield tag="005">20250526063012.0</controlfield>
  <controlfield tag="008">991029s1880    fr           |||| | fre d</controlfield>
  <datafield tag="040" ind1=" " ind2=" ">
    <subfield code="a">CCPB | B </subfield>
    <subfield code="b">spa </subfield>
    <subfield code="c">CCPB | B</subfield>
  </datafield>
  <datafield tag="100" ind1="1" ind2=" ">
    <subfield code="a">Schopenhauer, Arthur, </subfield>
    <subfield code="d">1788-1860</subfield>
    <subfield code="9">240710</subfield>
  </datafield>
  <datafield tag="245" ind1="1" ind2="0">
    <subfield code="a">Pens&#xE9;es, maximes et fragments / </subfield>
    <subfield code="c">Schopenhauer ; traduit, annot&#xE9; et pr&#xE9;c&#xE9;d&#xE9; d'une vie de Schopenhauer par J. Bourdeau.</subfield>
  </datafield>
  <datafield tag="260" ind1=" " ind2=" ">
    <subfield code="a">Paris : </subfield>
    <subfield code="b">Librairie Germer-Bailli&#xE8;re et Cie., </subfield>
    <subfield code="c">1880 (</subfield>
    <subfield code="e">Clichy :</subfield>
    <subfield code="f">Impr. Paul Dupont)</subfield>
  </datafield>
  <datafield tag="300" ind1=" " ind2=" ">
    <subfield code="a">166 p. ; </subfield>
    <subfield code="c">18 cm.</subfield>
  </datafield>
  <datafield tag="505" ind1="8" ind2=" ">
    <subfield code="a">Contiene: I. Les douleurs du monde et le mal de la vie. -- II. L'amour, les femmes, le mariage. -- III. Aphorismes sur l'homme, la vie, la soci&#xE9;t&#xE9;, la politique, l'art, la religion, etc.</subfield>
  </datafield>
  <datafield tag="595" ind1=" " ind2="1">
    <subfield code="a">Existe una 2\pa\s ed. con id&#xE9;ntico pie de imp.</subfield>
  </datafield>
  <datafield tag="600" ind1=" " ind2="0">
    <subfield code="a">Schopenhauer, Arthur, </subfield>
    <subfield code="d">1788-1860-</subfield>
    <subfield code="x">Pensamiento filos&#xF3;fico</subfield>
    <subfield code="9">224107</subfield>
  </datafield>
  <datafield tag="700" ind1="1" ind2="1">
    <subfield code="a">Bourdeau, Jean, </subfield>
    <subfield code="e">trad.</subfield>
    <subfield code="9">30955</subfield>
  </datafield>
  <datafield tag="752" ind1=" " ind2=" ">
    <subfield code="a">Francia - </subfield>
    <subfield code="d">Par&#xED;s</subfield>
  </datafield>
  <datafield tag="752" ind1=" " ind2=" ">
    <subfield code="a">Francia - </subfield>
    <subfield code="d">Clichy</subfield>
  </datafield>
  <datafield tag="852" ind1=" " ind2=" ">
    <subfield code="a">ES-MaACL</subfield>
    <subfield code="j">F-11748(2) </subfield>
    <subfield code="z">-- Enc. hol.</subfield>
  </datafield>
  <datafield tag="999" ind1=" " ind2=" ">
    <subfield code="c">164967</subfield>
    <subfield code="d">164967</subfield>
  </datafield>
  <datafield tag="952" ind1=" " ind2=" ">
    <subfield code="0">0</subfield>
    <subfield code="1">0</subfield>
    <subfield code="4">0</subfield>
    <subfield code="7">0</subfield>
    <subfield code="8">LIBXIX</subfield>
    <subfield code="a">ATENEOM</subfield>
    <subfield code="b">ATENEOM</subfield>
    <subfield code="c">SPP2</subfield>
    <subfield code="d">2008-01-17</subfield>
    <subfield code="e">SSC</subfield>
    <subfield code="l">0</subfield>
    <subfield code="o">F-11748(2)</subfield>
    <subfield code="p">1172934</subfield>
    <subfield code="r">2023-02-23 00:00:00</subfield>
    <subfield code="w">2023-02-23</subfield>
    <subfield code="y">MONANT</subfield>
  </datafield>
</record>
